<?xml version="1.0" encoding="UTF-8"?>
<collection xmlns="http://www.loc.gov/MARC21/slim">
 <record>
  <leader>00379pamaa2200133   4500</leader>
  <controlfield tag="001">0000024554</controlfield>
  <controlfield tag="005">20061010090000.0</controlfield>
  <datafield tag="020" ind1="0" ind2="0">
   <subfield code="a">[nil] </subfield>
  </datafield>
  <datafield tag="090" ind1="0" ind2="0">
   <subfield code="a">PR9499.3.K52 </subfield>
   <subfield code="b">KIR 1986</subfield>
  </datafield>
  <datafield tag="100" ind1="1" ind2="0">
   <subfield code="a">KIRPAL </subfield>
  </datafield>
  <datafield tag="245" ind1="1" ind2="0">
   <subfield code="a">Spirit's musings : </subfield>
   <subfield code="b">a collection of philosophical and autobiographical poems  </subfield>
   <subfield code="c">Prem Kirpal.</subfield>
  </datafield>
  <datafield tag="260" ind1="0" ind2="0">
   <subfield code="a">New Delhi: </subfield>
   <subfield code="b">Prem Kirpal, </subfield>
   <subfield code="c">1986.</subfield>
  </datafield>
  <datafield tag="300" ind1=" " ind2=" ">
   <subfield code="a">168p.; </subfield>
   <subfield code="c">23cm.</subfield>
  </datafield>
  <datafield tag="650" ind1="0" ind2="0">
   <subfield code="a">Poems </subfield>
  </datafield>
 </record>
</collection>
